Statistics for World Border Changes: 1900s

Click here to take the quiz!

General Stats

  • This quiz has been taken 55 times
  • The average score is 19 of 29

Answer Stats

YearFormerlyBecame% Correct
1900SamoaUnited States
93%
1903CubaUnited States
93%
1903PanamaUnited States
93%
1900NiueUnited Kingdom
87%
1903AdamawaUnited Kingdom
87%
1909SiamUnited Kingdom
87%
1902ZariaUnited Kingdom
87%
1901Ashanti EmpireUnited Kingdom
87%
1902AbujaUnited Kingdom
87%
1907SiamFrance
76%
1904ChampasakFrance
76%
1904SiamFrance
76%
1905Norway-SwedenSweden
67%
1905Norway-SwedenNorway
65%
1908Congo Free StateBelgium
63%
1903Bolivia / AcreBrazil
63%
1907ColombiaBrazil
63%
1903AdamawaGermany
63%
1902MandaraGermany
63%
1905RussiaJapan
61%
1903ColombiaPanama
59%
1903AcehNetherlands
50%
1907United KingdomNew Zealand
50%
1901United KingdomAustralia
43%
1903BrazilBolivia
41%
1902United StatesCuba
39%
1908Ottoman EmpireBulgaria
37%
1904FranceSiam
13%
1907FranceSiam
13%

Score Distribution

Percentile by Number Answered

Percent of People with Each Score

Your Score History

You have not taken this quiz